LEADER 01140nam a2200265 a 4500 001 000000120939 003 CaOOAMICUS 005 20100326144701.0 008 100326t2010 it u000 u ita r 020 $a978-88-311-0164-6 040 $aPUL$bita$dReb 100 1 $aCicchese, Gennaro,$d1961-$0(OLS)http://pul/name/33326 245 10$aIncontro a te :$bantropologia del dialogo /$cGennaro Cicchese. 260 $aRoma :$bCittà Nuova,$c©2010. 300 $a145 p. ;$c20 cm 490 1 $aIdee.$aFilosofia.$aNuova serie ;$v155 504 $aBibliografia p. [137]-142. 650 4$aAntropologia filosofica.$0(OLS)http://pul/subject/676 830 0$aIdee.$pFilosofia.$pNuova serie ;$v155.$0(OLS)http://pul/title/81879 850 $aPUL 852 $aPUL$W1$xSL Filosofia 2$y80$mPhil A15 155$j138679$qStampati Altre Collocazioni$B137904$CPULBib$Z2$F137904 $H113217 $82 941 1 $a10 996 $6020$a978-88-311-0164-6$9(OLS)http://pul/number/143698 996 $6245$aIncontro a te :$bantropologia del dialogo$9(OLS)http://pul/title/152103 996 $6260$aRoma :$bCittà Nuova$9(OLS)http://pul/publisher/47927 LEADER 01513nam a2200301 a 4500 001 000000155767 003 CaOOAMICUS 005 20161103132353.0 008 161103s1990 it u000 u eng r 032 $aLibriCat 040 $aPUL$bita 100 1 $aGibson, Stephen Graham.$0(OLS)http://pul/name/99220 245 11$a"Called by the Lord" :$bthe thems of vocation in Lumen Gentium /$cRev. Stephen G. Gibson. 260 $aRoma :$bPontificia Università S. Tommaso d'Aquino,$c1990. 300 $axi, 218 p. ;$c24 cm. 500 $aIn testa al front.: Pontificia Studiorum Universitas a S. Thoma Aq. in Urbe. 502 $aTesi -- Pontificiam Universitatem S. Thomae de Urbe, Facultate S. Theologiae, 1990. 504 $aBibliografia in nota. 611 24$aConcilium Vaticanum$n(2 :$d1962-1965)$tLumen gentium.$0(OLS)http://pul/subject/23276 710 2 $aPontificia Università S. Tommaso.$bFacoltà di teologia.$kTesi.$0(OLS)http://pul/name/81834 850 $aPUL 852 $aPUL$W1$xDP1 Tesi Pon. Univ. S. Tommaso$y44$mTH S.THOM TH769$j178910$qTesi$B182086$CPULBib$Z2$F182086 $H65026 $81 941 1 $a16 960 $aConcilium Vaticanum$n(2 :$d1962-1965)$tConstitutio dogmatica de Ecclesia$923276 960 $aLumen gentium$923276 996 $6245$a"Called by the Lord" :$bthe thems of vocation in Lumen Gentium$9(OLS)http://pul/title/195425 996 $6260$aRoma :$bPontificia Università S. Tommaso d'Aquino$9(OLS)http://pul/publisher/74417